Municipis de la comarca de l'Alt Empordà (Catalunya) - Statistics

General Stats
  • This quiz has been taken 500 times
  • The average score is 34 of 68
Answer Stats
Pista Municipi % Correct
F Figueres
92%
C Cadaqués
89%
R Roses
88%
L Llançà
87%
P Portbou
84%
SPP Sant Pere Pescador
80%
LE L'Escala
78%
LJ La Jonquera
77%
CdE Castelló d'Empúries
73%
C Colera
73%
EPdlS El Port de la Selva
70%
V Vilafant
68%
E Espolla
62%
D Darnius
58%
P Peralada
58%
V Vilajuïga
58%
MdC Maçanet de Cabrenys
56%
A Agullana
55%
LSdM La Selva de Mar
55%
TdF Torroella de Fluvià
53%
V Vilabertran
52%
SCS Sant Climent Sescebes
51%
V Vilamalla
51%
A Albanyà
50%
LV La Vajol
50%
SLdlM Sant Llorenç de la Muga
50%
SMdF Sant Miquel de Fluvià
50%
B Bàscara
49%
B Biure
49%
AdP Avinyonet de Puigventós
47%
C Cantallops
47%
G Garriguella
47%
P Pau
47%
EFdE El Far d'Empordà
46%
R Rabós
46%
C Cabanes
45%
LA L'Armentera
45%
Ps Palau-saverdera
45%
V Vilamacolum
45%
BilE Boadella i les Escaules
42%
L Lladó
42%
MdP Mollet de Peralada
42%
F Fortià
41%
N Navata
41%
Vs Vila-sacra
41%
V Vilaür
41%
SLdA Santa Llogaia d'Àlguema
40%
V Vilamaniscle
40%
S Siurana
39%
V Viladamat
39%
V Vilanant
39%
G Garrigàs
38%
PiM Pedret i Marzà
38%
V Ventalló
38%
C Cistella
37%
L Llers
37%
C Campmany
36%
PdM Pont de Molins
36%
R Riumors
36%
SCiL Saus, Camallera i Llampaies
36%
B Borrassà
35%
SM Sant Mori
35%
C Cabanelles
34%
O Ordis
34%
T Terrades
34%
PdSE Palau de Santa Eulàlia
33%
P Pontós
32%
M Masarac
28%
No matching quizzes found
Score Distribution
Percent of People with Each Score
Percentile by Number Answered
Your Score History
You have not taken this quiz